Técnicas para investigar: recursos metodológicos para preparación de proyectos de investigación (Registro nro. 5237)
[ vista simple ]
| 000 -Cabecera | |
|---|---|
| Campo de control de longitud fija | 00914nam a22003137a 4500 |
| 005 - Fecha y hora de la última transacción | |
| Campo de control | 20260427162654.0 |
| 008 - Elementos de longitud fija--Información general | |
| Campo de control de longitud fija | 150507b2015 xxu||||| |||| 00| 0 spa d |
| 041 ## - Idioma | |
| Código de idioma | Español |
| 082 ## - Clasificación Decimal Dewey | |
| Número de clasificación | 001.42 Y95t2 |
| 100 ## - Entrada principal--Autor personal | |
| Nombre personal | Yuni, José Alberto |
| 100 ## - Entrada principal--Autor personal | |
| Nombre personal | Urbano, Claudio Ariel |
| 245 ## - Título propiamente dicho | |
| Título | Técnicas para investigar: recursos metodológicos para preparación de proyectos de investigación |
| 250 ## - Edición | |
| Mención de edición | 2 edición |
| 260 ## - Pie de imprenta | |
| Lugar de publicación, distribución, etc. | Argentina |
| 260 ## - Pie de imprenta | |
| Nombre del editor, distribuidor, etc. | Brujas |
| 260 ## - Pie de imprenta | |
| Fecha de publicación, distribución, etc. | 2015 |
| 300 ## - Descripción física | |
| Extensión | 122 páginas |
| 490 ## - Serie | |
| Título de la Serie | Temática General |
| 505 ## - Nota de contenido | |
| Nota de contenido | Volumen 1 |
| 650 ## - Materia general | |
| Temática (materia general) | MÉTODOS DE INVESTIGACIÓN |
| 650 ## - Materia general | |
| Temática (materia general) | CONOCIMIENTO CIENTÍFICO |
| 650 ## - Materia general | |
| Temática (materia general) | MÉTODO CIENTÍFICO |
| 650 ## - Materia general | |
| Temática (materia general) | PROCESO METODOLÓGICO |
| 650 ## - Materia general | |
| Temática (materia general) | PROBLEMAS DE INVESTIGACIÓN |
| 650 ## - Materia general | |
| Temática (materia general) | REVISIÓN DE ANTECEDENTES |
| 650 ## - Materia general | |
| Temática (materia general) | FORMULACIÓN DE OBJETIVOS |
| 650 ## - Materia general | |
| Temática (materia general) | FORMULACIÓN DE HIPÓTESIS |
| 942 ## - Punto de acceso adicional KOHA | |
| Tipo de ítem KOHA | Libro |
| Fuente del sistema de clasificación o colocación | Dewey Decimal Classification |
| Signatura completa | Código de barras | Programa Académico | Tipo de ítem |
|---|---|---|---|
| 001.42 Y95t2 | 19459 | Temática General | Libro |